The new world order (Record no. 61226)

MARC details
000 -LEADER
fixed length control field 00580nam a2200193Ia 4500
008 - FIXED-LENGTH DATA ELEMENTS--GENERAL INFORMATION
fixed length control field 191130s2004##################000#0#eng##
020 ## - INTERNATIONAL STANDARD BOOK NUMBER
ISBN 9780552550963
Paper back/Hardbound pbk
041 ## - LANGUAGE CODE
Language code of text/sound track or separate title eng
082 ## - DEWEY DECIMAL CLASSIFICATION NUMBER
Classification number 823.914 JEA
100 ## - MAIN ENTRY--AUTHOR NAME
Personal name Jeapes, Ben
245 ## - TITLE STATEMENT
Title The new world order
Statement of responsibility, etc Ben Jeapes
260 ## - PUBLICATION, DISTRIBUTION, ETC. (IMPRINT)
Place of publication Oxford
Name of publisher David Fickling Books
Year of publication c2004
300 ## - PHYSICAL DESCRIPTION
Number of Pages 431 p
650 ## - SUBJECT ADDED ENTRY--TOPICAL TERM
Topical Term Great Britain -- History -- Civil War, 1642-1649 -- Fiction
Topical Term Human-alien encounters -- England -- Fiction
Topical Term Life on other planets -- Fiction
942 ## - ADDED ENTRY ELEMENTS (KOHA)
Koha item type English Books
Holdings
Withdrawn status Lost status Damaged status Not for loan Home library Current library Shelving location Date acquired Full call number Accession Number Price effective from Koha item type
        Anna Centenary Library Anna Centenary Library 4TH FLOOR, B WING 09.10.2020 823.914 JEA 342160 09.10.2020 English Books

Find us on the map